Normal view
MARC view
- David Whitley
Entry Personal Name
001 - CONTROL NUMBER
- control field: 127429
003 - CONTROL NUMBER IDENTIFIER
- control field: NUST
005 - DATE AND TIME OF LATEST TRANSACTION
- control field: 20250109095500.0
008 - FIXED-LENGTH DATA ELEMENTS
- fixed length control field: 250109|| aca||aabn | a|a d
040 ## - CATALOGING SOURCE
- Original cataloging agency: NUST
- Transcribing agency: NUST
100 ## - HEADING--PERSONAL NAME
- Personal name: David Whitley
670 ## - SOURCE DATA FOUND
- Source citation: Work cat.: (NUST): David Whitley , e-commerce, 2000.
